Geography Quiz

Random Geography or City Quiz

Tennessee Cities Quiz Stats

 Plays Quiz Updated Sep 7, 2021

     
Support Sporcle.
Go Orange.
Score 0/20 Timer 06:00
4 Plays Today
Rank City % Correct
1Nashville
98.6%
2Memphis
95.1%
3Knoxville
83.7%
4Chattanooga
73.7%
6Murfreesboro
47.7%
5Clarksville
44.6%
8Johnson City
40.9%
7Franklin
39.5%
9Jackson
39.5%
12Kingsport
25.9%
Rank City % Correct
17Brentwood
20.1%
10Hendersonville
19.7%
20Germantown
19.7%
16Cleveland
18.7%
13Smyrna
16.6%
19Columbia
15.7%
14Collierville
14.2%
11Bartlett
13.6%
18Gallatin
13.1%
15Spring Hill
10.8%

From the Vault

Countries: After 'V' or 'W'

by eyes355

Despite VW in the title, this has nothing to do with cars.
Remove Ads.
Support Sporcle.
Get the best of Sporcle when you Go Orange. This ad-free experience offers more features, more stats, and more fun while also helping to support Sporcle. Thank you for becoming a member.

Show Comments

Extras

Top Quizzes Today


Score Distribution

Your Account Isn't Verified!

In order to create a playlist on Sporcle, you need to verify the email address you used during registration. Go to your Sporcle Settings to finish the process.

Report this User

Report this user for behavior that violates our Community Guidelines.

Details: